| 000 | 01228nam0a22002651 4500 | ||
|---|---|---|---|
| 001 | rc\100045 | ||
| 005 | 20260407094535.0 | ||
| 035 | _a(NLR Aleph) 005363503 | ||
| 090 |
_a6923556 _c6923556 |
||
| 100 | _a20021216d1996 |||y0rusy50 ca | ||
| 101 | 0 | _arus | |
| 102 | _aRU | ||
| 105 | _ay ||||||||| | ||
| 200 | 1 |
_aКультура, быт и материальное благосостояние рабочих Поволжья второй половины XIX-XX вв. _e[Межвуз. сб. науч. тр.] _fПенз. гос. пед. ун-т им. В.Г. Белинского _g[Отв. ред. Н.А. Шарошкин] |
|
| 210 |
_aПенза _cПГПУ _d1996 |
||
| 215 |
_a196 с. _d20 |
||
| 320 | _aБиблиогр. в конце ст. | ||
| 702 | 1 |
_4070 _7ca _8rus _aШарошкин _bН. А. _cд-р ист. наук _f1932-2016 _gНиколай Алексеевич _9116621 _3RU\NLR\AUTH\776672 |
|
| 712 | 0 | 2 |
_4475 _aПензенский государственный педагогический университет им. В. Г. Белинского _9336671 _3RU\NLR\AUTH\889920230 |
| 801 | 0 |
_aRU _bNLR _gpsbo |
|
| 801 | 1 |
_aRU _bELAR _2rusmarc |
|
| 852 |
_aNLR _j96-3/11208 |
||
| 942 | _cBOOK | ||
| 980 | _aNB | ||